<?xml version="1.0" encoding="UTF-8"?>
<record
    xmlns:xsi="http://www.w3.org/2001/XMLSchema-instance"
    xsi:schemaLocation="http://www.loc.gov/MARC21/slim http://www.loc.gov/standards/marcxml/schema/MARC21slim.xsd"
    xmlns="http://www.loc.gov/MARC21/slim">

  <leader>00733nam a2200145Ia 4500</leader>
  <controlfield tag="001">3191</controlfield>
  <controlfield tag="008">241024s9999    xx            000 0 und d</controlfield>
  <datafield tag="082" ind1=" " ind2=" ">
    <subfield code="a">RD/328/R426c</subfield>
  </datafield>
  <datafield tag="100" ind1=" " ind2=" ">
    <subfield code="a">Rep&#xFA;blica Dominicana. Presidencia de la Rep&#xFA;blica Dominicana</subfield>
  </datafield>
  <datafield tag="245" ind1=" " ind2="0">
    <subfield code="a">Convenio de Cooperaci&#xF3;n Interinstitucional entre el Consejo Nacional de Drogas, Ministerio de Salud P&#xFA;blica, Consejo Nacional para la Ni&#xF1;ez y la Adolescencia, Ministerio de Educaci&#xF3;n, Procuradur&#xED;a General de la Rep&#xFA;blica y el Ayuntamiento del Distrito Nacional, relativo a la problem&#xE1;tica del consumo de sustancia psicoactivas en los ni&#xF1;os, ni&#xF1;as y adolescentes</subfield>
  </datafield>
  <datafield tag="260" ind1=" " ind2=" ">
    <subfield code="b">Santo Domingo</subfield>
    <subfield code="c">2013</subfield>
  </datafield>
  <datafield tag="590" ind1=" " ind2=" ">
    <subfield code="a">si</subfield>
  </datafield>
  <datafield tag="901" ind1=" " ind2=" ">
    <subfield code="a">4/9/2013 12:11:37 p.m.</subfield>
  </datafield>
  <datafield tag="999" ind1=" " ind2=" ">
    <subfield code="c">9748</subfield>
    <subfield code="d">9748</subfield>
  </datafield>
</record>
